Námorná doprava v Arktíde diplomová práca

Gespeichert in:
Bibliographische Detailangaben
1. Verfasser: Fabianová, Rebeka
Körperschaft: Fakulta medzinárodných vzťahov EU. Katedra medzinárodného práva
Weitere Verfasser: Harakaľová, Dorota, 1989-
Format: Buch
Sprache:Slowakisch
Veröffentlicht: Bratislava 2024
Tags: Tag hinzufügen
Keine Tags, Fügen Sie das erste Tag hinzu!

MARC

LEADER 00000nbm a2200000 4500
001 0300881
005 20250227085205.4
041 0 |a slo 
044 |a SK 
245 1 0 |a Námorná doprava v Arktíde  |b diplomová práca  |c Rebeka Fabianová ; školiteľ: Dorota Harakaľová 
264 1 |a Bratislava  |c 2024 
300 |a 76 s. 
100 1 |a Fabianová, Rebeka 
700 1 |a Harakaľová, Dorota, 1989- 
710 2 |a Fakulta medzinárodných vzťahov EU. Katedra medzinárodného práva